000 00519nam a2200205Ia 4500
003 OSt
005 20230522142447.0
008 210423s2000 xx 000 0 und d
040 _cAL
041 _aeng
082 _a331
_223
_bVARL
100 _aVARMA (M M);AGARWAL (R K)
_9110249
245 _aLabour economics
260 _aDelhi
_bEducational Publishers
_c2000
365 _b125
_cINR
650 _aEconomics
_9110250
650 _aLabour Economics
_9110251
906 _aeconomics ; Labour
942 _2ddc
_cBK
999 _c172646
_d172646